| 000 | 00674nam a22002297a 4500 | ||
|---|---|---|---|
| 005 | 20160721153108.0 | ||
| 008 | 160406b xxu||||| |||| 00| 0 spa d | ||
| 020 | _a9789968530125 | ||
| 041 | _aeng | ||
| 082 |
_a930.1 _bF363f |
||
| 100 |
_aFernández Esquivel, Patricia _97712 |
||
| 100 |
_aGutiérrez Espeleta, Gustavo _97713 |
||
| 100 |
_aCarrillo Jiménez, Eduardo _97714 |
||
| 245 | _aFelinos en la arqueología de Costa Rica : pasado y presente | ||
| 260 |
_aCosta Rica _bMuseos _c2012 |
||
| 300 | _a111 páginas | ||
| 650 |
_aARQUEOLOGÍA _92460 |
||
| 650 |
_aFELINOS _97716 |
||
| 650 |
_aANIMALES EN EL ARTE _97717 |
||
| 650 |
_aCOSTA RICA _912293 |
||
| 942 | _cBK | ||
| 999 |
_c7909 _d7909 |
||